[Event "KAZ-ch U18 Girls"]
[Site "Ak Bulak"]
[Date "2022.03.24"]
[Round "6"]
[White "Utalieva, Dariga"]
[Black "Fedotova, Mariya"]
[Result "1-0"]
[WhiteElo "1309"]
[BlackElo "1234"]
[PlyCount "81"]
[EventDate "2022.03.20"]
[EventType "swiss"]
[EventRounds "8"]
[EventCountry "KAZ"]
[SourceTitle "EXT 2023"]
[Source "ChessBase"]
[SourceDate "2022.10.05"]
[SourceVersion "1"]
[SourceVersionDate "2022.10.05"]
[SourceQuality "1"]

1. e4 d6 2. d4 Nf6 3. Nc3 g6 4. Be3 Nbd7 5. f4 c6 6. Nf3 b5 7. Bd3 b4 8. Ne2 a5 9. a3 Bb7 10. 0-0 Bg7 11. Bd2 c5 12. e5 Nd5 13. c3 bxc3 14. bxc3 cxd4 15. cxd4 dxe5 16. fxe5 0-0 17. Ng5 h6 18. Ne4 Ba6 19. Bc2 Bc4 20. Rf3 Qb6 21. N4c3 Nxc3 22. Bxc3 Bxe5 23. Rb1 Bxe2 24. Qxe2 Bxd4+ 25. Kh1 Qd6 26. Bxd4 Qxd4 27. Rd1 Qa7 28. Qxe7 Rae8 29. Qh4 Re2 30. Bxg6 Kg7 31. Bf5 Re3 32. Rg3+ Rxg3 33. Qxg3+ Kh8 34. Bxd7 Rd8 35. Qc3+ Kg8 36. Rd3 Rxd7 37. Qc8+ Kg7 38. Qxd7 Qb8 39. Qd4+ Kh7 40. Qe4+ Kg8 41. Re3 1-0

[Event "KAZ-ch U18 Girls"]
[Site "Ak Bulak"]
[Date "2022.03.24"]
[Round "7"]
[White "Utalieva, Dariga"]
[Black "Sultanbek, Zeinep"]
[Result "0-1"]
[WhiteElo "1309"]
[BlackElo "1897"]
[PlyCount "78"]
[EventDate "2022.03.20"]
[EventType "swiss"]
[EventRounds "8"]
[EventCountry "KAZ"]
[SourceTitle "EXT 2023"]
[Source "ChessBase"]
[SourceDate "2022.10.05"]
[SourceVersion "1"]
[SourceVersionDate "2022.10.05"]
[SourceQuality "1"]

1. e4 e6 2. d4 d5 3. exd5 exd5 4. Nf3 Nf6 5. Bg5 Be7 6. Bd3 Bg4 7. h3 Bh5 8. Nbd2 Nbd7 9. g4 Bg6 10. Bxg6 hxg6 11. Ne5 Nxe5 12. dxe5 Nd7 13. Bf4 Bg5 14. Qf3 Bxf4 15. Qxf4 Qe7 16. 0-0-0 0-0-0 17. Rde1 Kb8 18. Qe3 Rhe8 19. f4 Qb4 20. a3 Qa4 21. Nb3 Nb6 22. Nc5 Qc6 23. Qd4 Nc4 24. Nd3 Qd7 25. Rhf1 b6 26. f5 g5 27. e6 fxe6 28. fxe6 Rxe6 29. Rxe6 Qxe6 30. Qxg7 Qe3+ 31. Kb1 Nd2+ 32. Ka2 Nxf1 33. Qf6 Rd6 34. Qxf1 a5 35. Qf5 Kb7 36. Ne5 Qe4 37. Qxg5 Qxc2 38. Nf7 Qc4+ 39. Ka1 Qf1+ 0-1

[Event "Moscow Botvinnik Memorial U14 Girls"]
[Site "Moscow"]
[Date "2019.10.20"]
[Round "6"]
[White "Sovetbekova, Nurai"]
[Black "Utalieva, Dariga"]
[Result "1-0"]
[WhiteElo "1527"]
[BlackElo "1352"]
[PlyCount "111"]
[EventDate "2019.10.16"]
[EventType "tourn"]
[EventRounds "9"]
[EventCountry "RUS"]
[SourceTitle "CBM 192 Extra"]
[Source "Chessbase"]
[SourceDate "2019.11.06"]
[SourceVersion "1"]
[SourceVersionDate "2019.11.06"]
[SourceQuality "1"]

1. d4 Nf6 2. c4 g6 3. Nc3 Bg7 4. Nf3 0-0 5. g3 d6 6. Bg2 Nbd7 7. 0-0 e5 8. e4 exd4 9. Nxd4 Ne5 10. b3 Re8 11. h3 Bd7 12. Be3 Qc8 13. Kh2 a6 14. Qc2 Rb8 15. Rac1 b5 16. cxb5 axb5 17. Rfd1 b4 18. Nd5 c5 19. Nxf6+ Bxf6 20. Ne2 Qa6 21. f4 Bb5 22. fxe5 Bxe5 23. Nf4 Ra8 24. Nd5 Ra7 25. Rd2 Rea8 26. Qd1 Qb7 27. Rcc2 Bc6 28. Bh6 Ra5 29. Qe2 R8a7 30. Qf2 Bxd5 31. Rxd5 Qe7 32. Bf4 f6 33. Bxe5 fxe5 34. Qd2 Rd7 35. Qd3 Ra8 36. Rd2 Rad8 37. h4 Kg7 38. Bh3 Ra7 39. Bg2 Rad7 40. Qe3 Ra7 41. Bf1 Rf8 42. Rf2 Rf6 43. Rdd2 Rd7 44. Bc4 Rxf2+ 45. Rxf2 Qd8 46. Qd3 g5 47. Qd5 gxh4 48. Rf7+ Rxf7 49. Qxf7+ Kh8 50. g4 h6 51. Be6 Qb8 52. Qf6+ Kh7 53. Bf5+ Kg8 54. Qg6+ Kf8 55. Qxh6+ Ke7 56. Qg7+ 1-0

[Event "Moscow Botvinnik Memorial U14 Girls"]
[Site "Moscow"]
[Date "2019.10.20"]
[Round "5"]
[White "Utalieva, Dariga"]
[Black "Nur Mukhametova, Alisa"]
[Result "0-1"]
[WhiteElo "1352"]
[BlackElo "2188"]
[PlyCount "100"]
[EventDate "2019.10.16"]
[EventType "tourn"]
[EventRounds "9"]
[EventCountry "RUS"]
[SourceTitle "CBM 192 Extra"]
[Source "Chessbase"]
[SourceDate "2019.11.06"]
[SourceVersion "1"]
[SourceVersionDate "2019.11.06"]
[SourceQuality "1"]

1. e4 c5 2. Nf3 e6 3. d4 cxd4 4. Nxd4 Nf6 5. Nc3 d6 6. Be3 Be7 7. g4 h6 8. Rg1 Nc6 9. Qd2 a6 10. f3 Qc7 11. g5 hxg5 12. Rxg5 g6 13. Rg1 Bd7 14. 0-0-0 b5 15. Nb3 Ne5 16. Qf2 Rb8 17. Bf4 b4 18. Bxe5 dxe5 19. Nb1 a5 20. Qd2 a4 21. Na1 Bf8 22. Qe2 Bh6+ 23. Nd2 b3 24. Qc4 Qb6 25. Rg2 bxc2 26. Qxc2 Rc8 27. Bc4 Qd4 28. Kb1 Bxd2 29. Rgxd2 Qxc4 30. Qxc4 Rxc4 31. Nc2 Ke7 32. Ne3 Rd4 33. Rxd4 exd4 34. Rxd4 Rxh2 35. Nc4 g5 36. Nb6 Rf2 37. Rd3 Bb5 38. Rc3 Nd7 39. Nc8+ Kf8 40. Nd6 Be2 41. Rc7 Ne5 42. Ra7 Bxf3 43. Rxa4 g4 44. Ra8+ Kg7 45. Ne8+ Kg6 46. Nd6 Kg5 47. Rg8+ Kf4 48. Rg7 g3 49. b4 Bg4 50. Nxf7 g2 0-1